| 000 | 00452nam a2200181Ia 4500 | ||
|---|---|---|---|
| 001 | 24937 | ||
| 005 | 20260414151117.0 | ||
| 008 | 260414t2021||||xx |||||||||||||| ||spa|| | ||
| 041 | _aESP | ||
| 082 |
_a346C5 _bE88 T. 4 |
||
| 100 |
_aEspinoza Espinoza, Juan _eAUT |
||
| 245 | 0 |
_aNuevo comentario del código civil peruano _b |
|
| 260 | _c2021 | ||
| 300 |
_a1054 páginas : _c25 cm. |
||
| 650 | _aDER | ||
| 654 | _aCDE | ||
| 942 |
_cLIB _dJUS _fJUS _2ddc _n |
||
| 999 |
_c24937 _d24937 |
||